UM Logo

Pronunciation Anxiety and Willingness to Communicate of the First Year College Students in Univesrsity Of Mindanao Digos College. (Record no. 6377)

MARC details
000 -LEADER
fixed length control field 00645nam a22001577a 4500
008 - FIXED-LENGTH DATA ELEMENTS--GENERAL INFORMATION
fixed length control field 170309b xxu||||| |||| 00| 0 eng d
082 ## - DEWEY DECIMAL CLASSIFICATION NUMBER
Edition number 2016
Classification number UT 0699
Item number Ap12
100 ## - MAIN ENTRY--PERSONAL NAME
9 (RLIN) 19207
Personal name Apas, Precious Joy D.
245 ## - TITLE STATEMENT
Title Pronunciation Anxiety and Willingness to Communicate of the First Year College Students in Univesrsity Of Mindanao Digos College.
Statement of responsibility, etc. Precious Joy D. Apas, Hazel Jane C. Malano and Loi M. Ramos.
300 ## - PHYSICAL DESCRIPTION
Extent 43 pages;
Other physical details 28 cm.
650 #0 - SUBJECT ADDED ENTRY--TOPICAL TERM
9 (RLIN) 19208
Topical term or geographic name as entry element Education
Form subdivision English
General subdivision Undergraduate Thesis.
700 ## - ADDED ENTRY--PERSONAL NAME
9 (RLIN) 19209
Personal name Apas, Precious Joy D.
700 ## - ADDED ENTRY--PERSONAL NAME
9 (RLIN) 19210
Personal name Malano, Hazel Jane C.
700 ## - ADDED ENTRY--PERSONAL NAME
9 (RLIN) 19211
Personal name Ramos, Loi M.
942 ## - ADDED ENTRY ELEMENTS (KOHA)
Source of classification or shelving scheme Dewey Decimal Classification
Koha item type Undergraduate Thesis
Holdings
Withdrawn status Lost status Source of classification or shelving scheme Damaged status Not for loan Home library Current library Date acquired Total Checkouts Full call number Barcode Date last seen Copy number Price effective from Koha item type
    Dewey Decimal Classification     UM Digos College - LIC UM Digos College - LIC 11/07/2016   UT 0699 Ap12 2016 UT0699 03/09/2017 1 03/09/2017 Undergraduate Thesis
    Dewey Decimal Classification     UM Digos College - LIC UM Digos College - LIC 02/27/2017   UT 0749 Ap12 2016 UT0749 04/24/2017 2 04/24/2017 Undergraduate Thesis